Gritos de combate (Registro nro. 301086)
[ vista simple ]
| 000 -ENCABEZADO | |
|---|---|
| Número de control [NR] | 01475nam a22002417a 4500 |
| 005 - FECHA Y HORA DE LA ÚLTIMA TRANSACCIÓN | |
| control field | 20150903110543.0 |
| 008 - DE LONGITUD FIJA DE DATOS DE ELEMENTOS - INFORMACIÓN GENERAL | |
| Elementos de longitud fija [NR] | 150903s1875 sp ||||fr|||| 001 p spa d |
| 040 ## - FUENTE DE CATALOGACION [NR] | |
| Quien Cataloga | Sandra Yazo |
| Quien Clasifica | Sandra Yazo |
| 041 0# - CODIGO DE IDIOMA [R] | |
| Código de idioma para texto/pista de sonido o título separado [R] | Español |
| 082 04 - NUMERO DE CLASIFICACION DECIMAL DEWEY [R] | |
| Número de la edición [NR] | 20 |
| Número de clasificación [R] | 861 |
| 092 ## - SIGNATURA TOPOGRAFICA LOCAL | |
| Número de clasificación local | E37N039 |
| 100 1# - ASIENTO PRINCIPAL--NOMBRE PERSONAL [NR] | |
| Nombre personal [NR] | Núñez de Arce, Gaspar |
| Fechas asociadas con el nombre [NR] | 1834-1903 |
| ID Autoridad | 71255 |
| 245 10 - MENCION DE TITULO [NR] | |
| Título [NR] | Gritos de combate |
| Parte restante del título [NR] | Poesías |
| Mención de responsabilidad, etc. [NR] | de Don Gaspar Nuñez de Arce |
| 260 ## - PUBLICACION, DISTRIBUCION, ETC. (PIE DE IMPRENTA) [R] | |
| Lugar de publicación, distribución, etc. [R] | Madrid (España) |
| Nombre del editor, distribuidor, etc. [R] | Imprenta de T. Fortnet |
| Fecha de publicación, distribución, etc. [R] | 1875 |
| 300 ## - DESCRIPCION FISICA [R] | |
| Extensión [R] | 218 páginas |
| Dimensiones [R] | 18 x 12 cm. |
| 500 ## - NOTA GENERAL [R] | |
| Nota general [NR] | Detalles físicos: Encuadernación rígida (holandesa) cartón forrado en papel. Lomo en cuero, nervaduras sobre costura y adornos en dorado. Guardas simulando papel de agua. Anteportada. Portada impresa en dos tintas. Texto en una columna, papel manchado, pág. 149 mutilada |
| 505 0# - NOTA DE CONTENIDO CON FORMATO PREESTABLECIDO [R] | |
| Nota de contenido con formato preestablecido [NR] | Prefacio ; Introducción ; A Quintana ; La guerra ; Recuerdos ; El reo de muerte ; Fotografías ; En el monasterio de piedra ; Crepúsculo ; Treinta años ; A España ; La duda ; Amor ; Estrofas Miserere ; Excelsior ; a Darwin ; Problema ; Velut Umbra ; Prólogo leído en la inauguración del teatro de Apolo ; Pobre loca ; A la muerte de D. Antonio Ríos Rosas ; Cartagena ; A Emilio Castelar ; Luz y Vida Raimundo Lulio ; Tristezas ; París ; A Voltaire ; Notas |
| 506 ## - NOTA DE RESTRICCIONES DE ACCESO [R] | |
| Condiciones de acceso [NR] | Consulta en sala |
| 650 #7 - ASIENTO SECUNDARIO DE MATERIA - TERMINO TEMATICO [R] | |
| 9 (RLIN) | 21809 |
| Término temático o nombre geográfico como elemento de entrada [NR] | Poesía española |
| 650 #7 - ASIENTO SECUNDARIO DE MATERIA - TERMINO TEMATICO [R] | |
| Término temático o nombre geográfico como elemento de entrada [NR] | Literatura española |
| 9 (RLIN) | 67886 |
| 690 ## - ASUNTO AGREGADO LOCAL DE ENTRADA - TÉRMINO TEMÁTICO (OCLC, RLIN) | |
| 9 (RLIN) | 42863 |
| Acceso temático local | Literatura europea |
| 942 ## - ELEMENTOS DE ENTRADA AGREGADOS (KOHA) | |
| Sistema de clasificación | LOCAL |
| Tipo de ítem principal el descrito en 300a | Libro |
| Edición | 1 |
| Clasificación | E37N039 |
| Suprimido | Perdido | Sistema de clasificación | Dañado | No prestable | Tipo de ítem específico | Ubicación habitual | Ubicación actual | Localización | Fecha de creación | Forma de adquisición | Costo | Total préstamos | Signatura topográfica | Código de barras | Última vez visto | Ejemplar | Price effective from | Tipo de ítem |
|---|---|---|---|---|---|---|---|---|---|---|---|---|---|---|---|---|---|---|
| LOCAL | Libro archivo | Archivo Histórico | Archivo Histórico | Archivo histórico | 03/09/2015 | Donación | 0.00 | E37N039 | L005121 | 03/09/2015 | Ej.1 | 03/09/2015 | Libro |